Κατάλογος Βιβλιοθηκών Mediterranean College

Τραπεζικές Εργασίες και Παραγωγά / Μέσω του Κλαδικού Λογιστικού Σχεδίου Τραπεζών (ΚΛΣΤ) (Record no. 2897)

MARC details
000 -LEADER
fixed length control field 02447cam a22002054a 4500
005 - ΗΜΕΡΟΜΗΝΙΑ ΚΑΙ ΩΡΑ ΤΕΛΕΥΤΑΙΑΣ ΕΝΗΜΕΡΩΣΗΣ
Πεδίο ελέγχου 20250605164056.0
008 - FIXED-LENGTH DATA ELEMENTS--GENERAL INFORMATION
Πεδίο ελέγχου σταθερού μήκους 250528s ||||||||||||||||||||||||d
035 ## - SYSTEM CONTROL NUMBER
System control number 17489
020 ## - ISBN
ISBN 9609002803
040 ## - ΠΗΓΗ ΚΑΤΑΛΟΓΟΓΡΑΦΗΣΗΣ
Φορέας πρωτότυπης καταλογογράφησης MC Athens Campus Library
Γλώσσα καταλογογράφησης Ελληνικά, Μοντέρνα (1453-)
Modifying agency MC Athens Campus Library
Κανόνες περιγραφικής καταλογογράφησης AACR2
245 1# - ΤΙΤΛΟΣ ΚΑΙ ΔΗΛΩΣΗ ΥΠΕΥΘΥΝΟΤΗΤΑΣ
Τίτλος Τραπεζικές Εργασίες και Παραγωγά / Μέσω του Κλαδικού Λογιστικού Σχεδίου Τραπεζών (ΚΛΣΤ)
260 ## - PUBLICATION, DISTRIBUTION, ETC.
Name of publisher, distributor, etc. Παπαδέας,
Date of publication, distribution, etc. 2001
300 ## - PHYSICAL DESCRIPTION
Extent 366
505 0# - FORMATTED CONTENTS NOTE
Formatted contents note Πρόλογος, 10 Εισαγωγικοί Τραπεζικοί Όροι, Τραπεζικές Λογιστικές Εργασίες Σύμφωνα με το Κ.Λ.Σ.Τ. (Αδρανούντα Κεφάλαια), Χορηγήσεις, Απαιτήσεις - Χρεόγραφα Διαθέσιμα, Καθαρή Θέση - Προβλέψεις - Μακρ. Υποχερεώσεις, Καταθέσεις και Βραχ. Υποχρεώσεις, Προσδιορισμός Αποτελεσμάτων Χρήσεως, Λογαριασμοί Τάξεως, Οικονομικές Καταστάσεις και Αριθμοδείκτες, Το Σχέδιο Λογαριασμών του Κ.Λ.Σ.Τ., Αντιμετώπιση Επίκαιρων Προβλημάτων Μέσω του Κ.Λ.Σ.Τ., Ευρετήριο Όρων, Βιωλιογραφία και Αρθρογραφία και Νομοθετήματα.
520 ## - SUMMARY, ETC.
Summary, etc. Πρόλογος, 10 Εισαγωγικοί Τραπεζικοί Όροι, Τραπεζικές Λογιστικές Εργασίες Σύμφωνα με το Κ.Λ.Σ.Τ. (Αδρανούντα Κεφάλαια), Χορηγήσεις, Απαιτήσεις - Χρεόγραφα Διαθέσιμα, Καθαρή Θέση - Προβλέψεις - Μακρ. Υποχερεώσεις, Καταθέσεις και Βραχ. Υποχρεώσεις, Προσδιορισμός Αποτελεσμάτων Χρήσεως, Λογαριασμοί Τάξεως, Οικονομικές Καταστάσεις και Αριθμοδείκτες, Το Σχέδιο Λογαριασμών του Κ.Λ.Σ.Τ., Αντιμετώπιση Επίκαιρων Προβλημάτων Μέσω του Κ.Λ.Σ.Τ., Ευρετήριο Όρων, Βιωλιογραφία και Αρθρογραφία και Νομοθετήματα.
700 1# - ΠΡΟΣΘΕΤΗ ΑΝΑΓΡΑΦΗ--ΦΥΣΙΚΟ ΠΡΟΣΩΠΟ
Personal name Παπαδέας Παναγιώτης Βασ
9 (RLIN) 3628
942 ## - ADDED ENTRY ELEMENTS (KOHA)
Koha item type Books
Holdings
Τύπος τεκμηρίου Βιβλιοθήκη Τρέχουσα τοποθεσία Barcode Αριθμός εισαγωγής Ημερομηνία απόκτησης Ταξιθετικό σύμβολο Αριθμός αντιτύπου Κατάσταση απόσυρσης Κατάσταση χαμένου Κατάσταση κατεστραμμένου Μη δανεισμός Σύνολο δανεισμών Ημερομηνία τελευταίας εμφάνισης Η τιμή ισχύει από
Books MC Athens Campus Library MC Athens Campus Library 9780000028969 5739 05/06/2025 657.8333 PAP 1           05/06/2025 05/06/2025

MC Athens Campus Library
Πατησίων 94 & Κοδριγκτώνος 13, 104 34
Πελλήνης 8 & Πατησίων 107, 112 51
Τ: +30 210 8899600

MC Thessaloniki Campus Library
Ίωνος Δραγούμη 21, 54625 | Ίωνος Δραγούμη 15, 54625
Τ: +30 2310 287779 – Τ: +30 2314 440300